| 000 | 01306nam2a22002531 4500 | ||
|---|---|---|---|
| 001 | rc\4020152 | ||
| 005 | 20250611060905.0 | ||
| 021 |
_aRU _b[86-102221] |
||
| 035 | _a(NLR Aleph) 008085940 | ||
| 090 |
_a9153522 _c9153522 |
||
| 100 | _a20130415d1986 |||y0rusy50 ca | ||
| 101 | 0 | _arus | |
| 102 | _aRU | ||
| 105 | _ay z ||||| | ||
| 200 | 0 |
_aТ. 11 _fГосплемобъединение |
|
| 210 |
_cРоссельхозиздат _d1986 _aБ. м. |
||
| 215 | _a603, [2] с. | ||
| 320 | _aУказ. номеров ГПК по хозяйствам: с. 13 | ||
| 461 | 0 |
_1001rc\4020141 _12001#$aГосударственная племенная книга овец алтайской породы$eТ. 1-$fГос. инспекция по плем. делу Гл. упр. животноводства М-ва сельского хозяйства СССР$vТ. 11 _99153459 _c[Москва] _d1952 _fГос. инспекция по плем. делу Гл. упр. животноводства М-ва сельского хозяйства СССР _nСельхозгиз _oТ. 1- _tГосударственная племенная книга овец алтайской породы _vТ. 11 |
|
| 801 | 0 |
_aRU _bNLR _gpsbo |
|
| 801 | 1 |
_aRU _bELAR _2rusmarc |
|
| 852 |
_aNLR _jС90 Г-7/93 |
||
| 942 | _cBOOK | ||
| 980 | _aNB | ||